Manažment podnikania a vecí verejných - dialógy vedecko-odborný časopis Slovenskej akadémie manažmentu
Uverejňuje odborné články a štúdie manažérov z praxe a univerzít, príspevky študentov i ďalších záujemcov z radov verejnosti k problematike manažmentu podnikania a vecí verejných
Salvato in:
| Natura: | Periodico |
|---|---|
| Lingua: | slovacco |
| Pubblicazione: |
Bratislava
Slovenská akadémia manažmentu
|
| Soggetti: | |
| Tags: |
Nessun Tag, puoi essere il primo ad aggiungerne!!
|
MARC
| LEADER | 00000nas1a2200000$$$4500 | ||
|---|---|---|---|
| 001 | 0056173 | ||
| 005 | 20231011111824.8 | ||
| 022 | |a 1337-0510 | ||
| 022 | |a 2453-8167 | ||
| 041 | 0 | |a slo | |
| 044 | |a SK | ||
| 245 | 1 | 0 | |a Manažment podnikania a vecí verejných - dialógy |b vedecko-odborný časopis Slovenskej akadémie manažmentu |
| 264 | 1 | |a Bratislava |b Slovenská akadémia manažmentu | |
| 500 | |a Od 1.1.2016 vychádza online | ||
| 520 | |a Uverejňuje odborné články a štúdie manažérov z praxe a univerzít, príspevky študentov i ďalších záujemcov z radov verejnosti k problematike manažmentu podnikania a vecí verejných | ||
| 610 | 2 | 0 | |a manažment |
| 610 | 2 | 0 | |a podnikanie |
| 610 | 2 | 0 | |a riadenie podnikové |